| 000 | 00523nam a2200193 a 4500 | ||
|---|---|---|---|
| 001 | 1762179102802 | ||
| 003 | ACL | ||
| 005 | 20251103194430.0 | ||
| 008 | 251103s2001##################000#0#eng## | ||
| 020 | _a9783790814064 | ||
| 082 | 0 | 4 |
_a658.1550285 _bRUA |
| 100 | 1 |
_aRuan, Da, _eauthor. |
|
| 245 | 1 | 0 | _aSoft Computing for Risk Evaluation and Management : |
| 260 |
_bSpringer Science & Business Media, _c2001. |
||
| 300 | _a538 pages | ||
| 650 | 0 | _aBusiness & Economics. | |
| 942 | _cENGLISH | ||
| 040 |
_aACL _beng _cACL |
||
| 999 |
_c595483 _d595483 |
||